[Event "ISR-chT"]
[Site "Israel"]
[Date "2022.02.11"]
[Round "5.5"]
[White "Kadria, Shay"]
[Black "Shvayger, Yuliya"]
[Result "0-1"]
[WhiteElo "2117"]
[BlackElo "2363"]
[PlyCount "70"]
[EventDate "2022.01.14"]
[EventType "team-tourn"]
[EventRounds "11"]
[EventCountry "ISR"]
[SourceTitle "EXT 2023"]
[Source "ChessBase"]
[SourceDate "2022.10.05"]
[SourceVersion "1"]
[SourceVersionDate "2022.10.05"]
[SourceQuality "1"]
[WhiteTeam "Tel Aviv"]
[BlackTeam "Beer Sheva II"]
[WhiteTeamCountry "ISR"]
[BlackTeamCountry "ISR"]

1. e4 c5 2. Nf3 Nc6 3. Bb5 g6 4. 0-0 Bg7 5. Re1 Nh6 6. c4 0-0 7. Nc3 f5 8. Bxc6 bxc6 9. d3 d6 10. e5 f4 11. d4 Bg4 12. dxc5 Bxe5 13. h3 Bh5 14. Qd3 Bxf3 15. Qxf3 Rc8 16. cxd6 exd6 17. c5 Nf5 18. cxd6 Qxd6 19. Qe4 Rce8 20. Qc4+ Kg7 21. b3 Bd4 22. Bb2 f3 23. Na4 Qf6 24. Bxd4 Nxd4 25. g3 Ne2+ 26. Kh2 h5 27. Rad1 Rf7 28. Nc5 Qf5 29. b4 h4 30. g4 Qe5+ 31. Kh1 Ng3+ 32. fxg3 Qxe1+ 33. Rxe1 Rxe1+ 34. Kh2 f2 35. Qd4+ Kh7 0-1

[Event "ISR-ch U18"]
[Site "HaKfar HaYarok"]
[Date "2021.03.24"]
[Round "6"]
[White "Kadria, Shay"]
[Black "Tzidkiya, Yeshaayahu"]
[Result "0-1"]
[WhiteElo "2086"]
[BlackElo "2380"]
[PlyCount "64"]
[EventDate "2021.03.19"]
[EventType "swiss"]
[EventRounds "9"]
[EventCountry "ISR"]
[SourceTitle "EXT 2022"]
[Source "ChessBase"]
[SourceDate "2021.10.06"]
[SourceVersion "1"]
[SourceVersionDate "2021.10.06"]
[SourceQuality "1"]

1. d4 Nf6 2. Nf3 g6 3. g3 Bg7 4. Bg2 0-0 5. 0-0 d5 6. c4 dxc4 7. Nc3 c5 8. d5 b5 9. Ne5 a6 10. Be3 Qc7 11. d6 exd6 12. Nxg6 hxg6 13. Bxa8 Bh3 14. Bg2 Bxg2 15. Kxg2 Qc6+ 16. Kg1 d5 17. Bg5 d4 18. Bxf6 Bxf6 19. Nb1 d3 20. Qd2 Nd7 21. f3 Re8 22. e4 Bd4+ 23. Kg2 b4 24. a3 f5 25. Qc1 fxe4 26. Qxc4+ Kg7 27. Nd2 Ne5 28. Qc1 exf3+ 29. Nxf3 Nxf3 30. Qf4 Re2+ 31. Kh3 Rxh2+ 32. Kg4 Qe6+ 0-1